The Oscar Piastri Quiz - Statistics

General Stats
  • This quiz has been taken 492 times
  • The average score is 13 of 18
Answer Stats
Hint Answer % Correct
Nationality Australian
98%
Year of birth 2001
97%
Year in which he entered F1 2023
92%
Current Team McLaren
91%
Current Teammate Lando Norris
90%
Other current driver from that country Daniel Ricciardo
87%
F1 Team he was supposed to drive for Alpine
86%
Middle name Jack
85%
F1 driver number 81
83%
F3 teammate who also joined F1 Logan Sargeant
75%
F2 Team he drove for PREMA Racing
74%
Grand Prix where he got his first win in F1 Hungary
72%
Former Driver he is associated with for his personality Kimi Räikkönen
68%
Grand Prix where he got his first SPRINT win in F1 Qatar
60%
The other driver who joined F1 that year Nyck De Vries
46%
Grand Prix where he got his first podium in F1 Japan
43%
Grand Prix where his reaction to the jetpack race fall became a meme Austria
38%
Fill in the blank: I understand that, _______ __ _________, ... without my agreement
35%
No matching quizzes found
Score Distribution
Percent of People with Each Score
Percentile by Number Answered
Your Score History
You have not taken this quiz